000 00539nam a2200181Ia 4500
008 090124s9999 xx 000 0 und d
082 _b40318
100 _aमिरासदार द.मा.
245 _a बेंडबाजा
250 _a2
260 _bसुपर्ण प्रकाशन
_c2003
300 _a160
600 _aमिरासदार द.मा.
630 _a बेंडबाजा
700 _aमिरासदार द.मा.
730 _a बेंडबाजा
942 _cBOOK
999 _c105986
_d105986